000 00727nam a22002657a 4500
001 BD-DhSAU
003 BD-DhSAU
005 20150524171520.0
008 150524b2003 ii a|||| |||| 001 0 eng d
020 _a8176494208
020 _a9788176494205
040 _aBD-DhSAU
082 _222
_a581.15
_bWII
100 _aWinter, P. C.
245 _aGenetics /
_cP. C. Winter, G. I. Hickey, H. L. Fletcher
250 _a1st Indian ed.
260 _aNew Delhi :
_bViva Books,
_cc2003.
300 _avi, 374 p. :
_bill. ;
_c24 cm.
504 _aInclude bibliographical reference & index.
590 _aJerin
650 _aGenetics plant Breeding
700 _aHickey, G. I.
700 _aFletcher, H. L.
942 _2ddc
_cBOOK
999 _c7583
_d7583